| 000 | 01235ntaaa2200325 4500 | ||
|---|---|---|---|
| 003 | 01 | ||
| 005 | 20251027203332.0 | ||
| 008 | 0714s1973 ag 01 | ||
| 020 | _a9789500010658 | ||
| 040 |
_aAR-BaBN _bspa _cAR-BaBN _eaacr _dRIC |
||
| 110 |
_aArgentina. Ministerio de Educación _936047 |
||
| 245 |
_aArchivo fílmico pedagógico jóvenes y escuelas / _cArgentina. Ministerio de Educación |
||
| 260 |
_aBuenos Aires : _bMinisterio de Educación, _c2015 |
||
| 300 |
_a53 p. ; _cfot. byn ; 19 cm. |
||
| 490 | _aArchivo fílmico pedagógico jóvenes y escuelas | ||
| 500 | _aCuadernillo de análisis | ||
| 500 | _aContiene actividades para el aula | ||
| 500 | _aIncluye recomendaciones de películas afines y bibliografía | ||
| 505 |
_tAportes para pensar en la escuela y la sociedad / _rOrbuch, Iván Pablo |
||
| 505 |
_tLa escuela en el nuevo milenio: ¿cómo encontrarse y aprender en tiempos tan enredados? / _rSibilia, Paula |
||
| 521 | _aSECUNDARIO | ||
| 650 | _aMATERIALES DE APOYO | ||
| 650 |
_aPEDAGOGIA _91020 |
||
| 650 |
_aCINE _97508 |
||
| 650 |
_aACTIVIDADES DE APRENDIZAJE _925930 |
||
| 650 |
_aESCUELA Y SOCIEDAD _937039 |
||
| 650 |
_aNUEVAS TECNOLOGIAS _937040 |
||
| 650 |
_aDIALOGO _922429 |
||
| 942 | _cBK | ||
| 999 |
_c28850 _d28850 |
||